| 000 | 01035cac a22003131i 4500 | ||
|---|---|---|---|
| 003 | EG-ScBUE | ||
| 005 | 20230223060640.0 | ||
| 008 | 130408s2006 vauae f 001 0 eng d | ||
| 020 | _a1920744991 | ||
| 020 | _a9781920744991 | ||
| 040 |
_aEG-ScBUE _beng _erda _cEG-ScBUE _dEG-ScBUE |
||
| 082 | 0 | 4 |
_a728.7 _bVAC _222 |
| 245 | 0 | 0 |
_a50+ vacation homes / _cedited by Andrea Boekel. |
| 246 | 3 | _aFifty plus vacation homes | |
| 264 | 1 |
_aMulgrave, Victoria : _bImages Publication, _c2006. |
|
| 300 |
_a322 pages : _billustrations (chiefly color), plans ; _c29 cm |
||
| 336 |
_2rdacontent _atext _btxt |
||
| 337 |
_2rdamedia _aunmediated _bn |
||
| 338 |
_2rdacarrier _avolume _bnc |
||
| 500 | _aIncludes index. | ||
| 650 | 7 |
_aVacation homes _vPictorial works. _2BUEsh _933050 |
|
| 650 | 7 |
_aVacation homes _vDesigns and plans. _2BUEsh _933051 |
|
| 650 | 7 |
_aArchitecture, Domestic _vPictorial works. _2BUEsh _91892 |
|
| 653 | _bENGARC | ||
| 655 | _vReading book | ||
| 700 | 1 |
_aBoekel, Andrea, _eeditor. _911646 |
|
| 942 |
_cBB _2ddc |
||
| 999 |
_c1966 _d1966 |
||